The urban health crisis: Strategies for all in the face of rapid urbanization

में बचाया:
ग्रंथसूची विवरण
मुख्य लेखक: OMS
स्वरूप: पुस्तक
भाषा:Undetermined
प्रकाशित: Geneva OMS 1993
टैग : टैग जोड़ें
कोई टैग नहीं, इस रिकॉर्ड को टैग करने वाले पहले व्यक्ति बनें!
Thư viện lưu trữ: Trung tâm Học liệu Trường Đại học Cần Thơ
LEADER 00477nam a2200169Ia 4500
001 CTU_16109
008 210402s9999 xx 000 0 und d
082 |a 350.818 
082 |b U72 
100 |a OMS 
245 4 |a The urban health crisis: Strategies for all in the face of rapid urbanization 
245 0 |c OMS 
260 |a Geneva 
260 |b OMS 
260 |c 1993 
904 |i Nguyễn Quang Điền, 970512 
980 |a Trung tâm Học liệu Trường Đại học Cần Thơ